000 00314nam a2200097Ia 4500
008 220120s9999||||xx |||||||||||||| ||und||
100 _aMadhura, J
_912066
245 0 _aReal time implementation on of 12c protocal
260 _aCoorg Institute of Technology
_bPonnampet
_c2006
650 _aELECTRONICS AND COMMUNICATIONS
999 _c137651
_d137651